Drugie największe miasta z każdego województwa. - Statystyki

Ogólne statystyki
  • Ten quiz został rozwiązany 94 razy
  • Średni wynik to 13 z 16
Statystyki odpowiedzi
Województwo Odpowiedź % Poprawnych
Kujawsko-pomorskie Toruń
94%
Pomorskie Gdynia
93%
Lubuskie Gorzów wielkopolski
89%
Mazowieckie Radom
89%
Ślaskie Częstochowa
87%
Podlaskie Suwałki
85%
Zachodniopomorskie Koszalin
84%
Małopolskie Tarnów
83%
Dolnośląskie wałbrzych
80%
Warmińsko-mazurskie Elbląg
79%
Wielkopolskie Kalisz
79%
Podkarpackie Przemyśl
78%
Łódzkie Piotrków trybunalski
74%
Lubelskie Chełm
73%
Opolskie kędzierzyn-koźle
72%
Świętokrzyskie Ostrowiec świętokrzyski
62%
Nie znaleziono quizów pasujących do podanych kryteriów
Rozkład punktacji
Procent ludzi z każdym wynikiem
Percentyl według liczby udzielonych odpowiedzi
Twoja historia wyników
Nie rozwiązałeś tego quizu